• 首页
  • 本馆介绍
  • 公告通知
  • 最新文献
  • 馆藏检索
  • 电子资源
  • 读者导购
  • 参考咨询
  • 我的图书馆
  • 登录
  • 详细信息显示
  • 放入我的书架
  • 预约/预借图书
  • 作者相关作品
  • 分类相关作品
  • 丛书相关作品
  • 出版社相关作品

书目信息

  • 表格格式
  • 工作单格式
  • 卡片格式
题名:
中华人民共和国法律全编
    
 
作者: ;法律出版社 编
分册:  
出版信息: 北京   法律出版社  2013
页数: 1488页
开本: 22cm
丛书名:
单 册:
中图分类: D920.9
科图分类:
主题词: 法律--中国--汇编 , 法律
电子资源:
ISBN: 978-7-5118-4496-5
000 00815nam0 2200265 450
001 006531700
005 20130609081850.98
010    @a978-7-5118-4496-5@b精装@dCNY138.00
035    @a006531700
100    @a20130322d2013 em y0chiy0110 ea
101 0  @achi
102    @aCN@b110000
105    @ay n 000yy
106    @ar
200 1  @a中华人民共和国法律全编@9zhong hua ren min gong he guo fa lv quan bian@e2013年版@f法律出版社法规中心编
205    @a6版
210    @a北京@c法律出版社@d2013
215    @a1488页@d22cm
330    @a本书收录了新中国成立以来至2012年12月期间全国人大及其常委会通过的全部现行有效的法律。
606 0  @a法律@y中国@j汇编
606 0  @a法律
690    @aD920.9@v5
711 02 @a法律出版社@9fa lv chu ban she@b法规中心@4编
801  0 @aCN@bNLC@c20130423
905    @dD920.9@e1023=6
    
    中华人民共和国法律全编:2013年版/法律出版社法规中心编.-6版.-北京:法律出版社,2013
    1488页;22cm
    
    
    ISBN 978-7-5118-4496-5(精装):CNY138.00
    本书收录了新中国成立以来至2012年12月期间全国人大及其常委会通过的全部现行有效的法律。
●
相关链接 在E读中查询图书 在五车中查询图书 在当当中查询图书 在豆瓣中查询图书


正题名:中华人民共和国法律全编     索取号:D920.9/1023=6         预约/预借

序号 登录号 条形码 馆藏地/架位号 状态 备注
1 0545204   205452044   第一样本阅览室/ [索取号:D920.9/1023=6] 在馆    
2 0545205   205452053   第一借阅区/ [索取号:D920.9/1023=6] 在馆    
3 0545206   205452062   第一借阅区/ [索取号:D920.9/1023=6] 在馆    
唐山师范学院图书馆 欢迎您!
大连网信软件有限公司© 版权所有